| 000 | 00497nam a2200169Ia 4500 | ||
|---|---|---|---|
| 003 | GCL | ||
| 008 | 140319s9999 xx 000 0 ara d | ||
| 040 |
_aGCL / _cGCL |
||
| 082 | 0 | 4 |
_a276.1 _bا ا |
| 245 | 1 | 0 | _aايمانى والقضايا المسيحية الكبرى |
| 260 |
_a[S.N] : _bدار الثقافة العربية ، _c1981 |
||
| 300 | _a588ص | ||
| 650 | 0 | 4 | _aالوحدانية |
| 650 | 0 | 4 | _aالدين المسيحى |
| 650 | 0 | 4 | _aاللاهوت العملى |
| 942 |
_2ddc _cBK |
||
| 999 |
_c28394 _d28394 |
||